| Tag |
First Indicator |
Second Indicator |
Subfields |
| LEADER |
00000pam a2200000 a 4500 |
| 001 |
in00002000985 |
| 005 |
20151031125408.0 |
| 008 |
040929s2004 nyu 000 0 eng |
| 010 |
|
|
|a 2004022977
|
| 020 |
|
|
|a 1594540853 (pbk.)
|
| 035 |
|
|
|a (OCoLC)ocm56546409
|
| 040 |
|
|
|a DLC
|c DLC
|d UtOrBLW
|
| 043 |
|
|
|a e-ru---
|
| 049 |
|
|
|a TXAM
|
| 050 |
0 |
0 |
|a PG3095
|b .P5 2004
|
| 082 |
0 |
0 |
|a 891.73/009
|2 22
|
| 100 |
1 |
|
|a Phelps, William Lyon,
|d 1865-1943.
|
| 245 |
1 |
0 |
|a Essays on Russian novelists /
|c William Lyon Phelps.
|
| 264 |
|
1 |
|a New York :
|b Snova Books,
|c [2004]
|
| 264 |
|
4 |
|c ©2004
|
| 300 |
|
|
|a 142 pages ;
|c 23 cm.
|
| 336 |
|
|
|a text
|b txt
|2 rdacontent
|
| 337 |
|
|
|a unmediated
|b n
|2 rdamedia
|
| 338 |
|
|
|a volume
|b nc
|2 rdacarrier
|
| 490 |
1 |
|
|a Voices across time
|
| 505 |
0 |
|
|a Russian national character as shown in Russian fiction -- Gogol -- Turgenev -- Dostoevski -- Tolstoi -- Gorki -- Chekhov -- Artsybashev -- Andreev -- Kuprin's picture of garrison life.
|
| 650 |
|
0 |
|a Russian fiction
|x History and criticism.
|
| 830 |
|
0 |
|a Voices across time.
|
| 945 |
|
|
|i PromptCat
|
| 948 |
|
|
|a cataloged
|b h
|c 2004/11/8
|d c
|e cmulkey
|f 8:03:41 am
|
| 994 |
|
|
|a 92
|b TXA
|
| 999 |
|
|
|a MARS
|
| 999 |
f |
f |
|s 233d7136-1fe4-3b5a-b416-9faed97b6005
|i a8441908-245e-38a6-91da-3ec2908beb3f
|t 0
|
| 952 |
f |
f |
|p ric
|a Texas A&M University
|b Rellis Campus
|c Joint Library Facility
|d Remote Storage
|t 0
|e PG3095 .P5 2004
|h Library of Congress classification
|i unmediated -- volume
|m A14831599429
|
| 998 |
f |
f |
|a PG3095 .P5 2004
|t 0
|l Remote Storage
|